000 01448nam a2200409 c 4500
001 14284
003 ES-MaCES
005 20141221122311.0
008 021112s2002 sp t o000 | spa d
017 _aM 41193-2002
_bDL
020 _a8484171000
024 7 _a201-02-082-2
_2nipo
035 _aCES20020014869m
040 _aES-MaCES
_bspa
_cES-MaCES
100 1 _aAlli, Benjamin O.
_95953
245 1 0 _aPrincipios fundamentales de salud y seguridad en el trabajo
_cBenjamin O. Alli ; traducción Cora Zapico Landrove
260 _aMadrid
_bMinisterio de Trabajo y Asuntos Sociales, Subdirección General de Publicaciones
_c[2002]
300 _a195 p.
_c22 cm
490 1 _aColección Informes OIT
_v59
504 _aBibliografía. Índices
541 _cGratuito
650 4 _aseguridad en el trabajo
_928348
650 4 _asalud en el trabajo
_928347
650 4 _ariesgo
_929564
650 4 _aprevención
_929707
650 4 _acondiciones de trabajo
_928327
650 4 _alegislación
_927153
650 4 _apapel de la OIT
_929112
653 1 0 _aSalud
700 1 _aZapico Landrove, Cora
_etr.
_926520
710 1 _aEspaña
_bMinisterio de Trabajo y Asuntos Sociales
_eed.
_93273
775 0 _tPrincipios fundamentales de salud y seguridad en el trabajo
_w(ES-MaCES)22571
830 0 _aColección Informes OIT
_v59
_932372
902 _aLIB Libro
942 _2CES
_cBK
_h3.1.
999 _c14284
_d14284